Výkaz o finančnej situácii podľa IFRS pre malé a stredné podniky členenie majetku

Problematika obežného a neobežného majetku. IFRS pre malé a stredné podniky. Prevádzkový cyklus ako obdobie medzi obstaraním majetku na účely jeho spracovania a jeho realizácie vo forme peňazí alebo peňažných ekvivalentov.

Saved in:
Bibliographic Details
Main Author: Ješš, Michal, 1986-
Format: Book Chapter
Language:Slovak
Subjects:
Tags: Add Tag
No Tags, Be the first to tag this record!

MARC

LEADER 00000nla a2200000 4500
001 0160582
005 20240502072802.7
041 0 |a slo 
044 |a SK 
245 1 0 |a Výkaz o finančnej situácii podľa IFRS pre malé a stredné podniky  |b členenie majetku  |c Michal Ješš 
520 |a Problematika obežného a neobežného majetku. IFRS pre malé a stredné podniky. Prevádzkový cyklus ako obdobie medzi obstaraním majetku na účely jeho spracovania a jeho realizácie vo forme peňazí alebo peňažných ekvivalentov. 
610 2 0 |a účtovníctvo 
610 2 0 |a obdobie účtovné 
610 2 0 |a skupiny účtové 
610 2 0 |a výkazy finančné 
610 2 0 |a majetok 
610 2 0 |a zásoby 
610 2 0 |a podnik malý 
610 2 0 |a podnik stredný 
100 1 |a Ješš, Michal, 1986-